All Stoke City Premier League Players Ever - Statistics

General Stats
  • This quiz has been taken 23 times
  • The average score is 134 of 258
Answer Stats
% Correct
2015/16 Switzerland Xherdan Shaqiri 27
100%
2016/17 Switzerland Xherdan Shaqiri 21
100%
2017/18 Switzerland Xherdan Shaqiri 36
100%
2009/10 Bosnia & Herzegovina Asmir Begovic 4
83%
2010/11 Bosnia & Herzegovina Asmir Begovic 28
83%
2011/12 Bosnia & Herzegovina Asmir Begovic 23
83%
2012/13 Bosnia & Herzegovina Asmir Begovic 38
83%
2013/14 Bosnia & Herzegovina Asmir Begovic 32
83%
2014/15 Bosnia & Herzegovina Asmir Begovic 35
83%
2010/11 Trinidad & Tobago Kenwyne Jones 34
83%
2011/12 Trinidad & Tobago Kenwyne Jones 21
83%
2012/13 Trinidad & Tobago Kenwyne Jones 26
83%
2013/14 Trinidad & Tobago Kenwyne Jones 7
83%
2013/14 Austria Marko Arnautovic 30
83%
2014/15 Austria Marko Arnautovic 29
83%
2015/16 Austria Marko Arnautovic 34
83%
2016/17 Austria Marko Arnautovic 32
83%
2011/12 England Peter Crouch 32
83%
2012/13 England Peter Crouch 34
83%
2013/14 England Peter Crouch 34
83%
2014/15 England Peter Crouch 33
83%
2015/16 England Peter Crouch 11
83%
2016/17 England Peter Crouch 27
83%
2017/18 England Peter Crouch 31
83%
2009/10 Germany Robert Huth 32
83%
2010/11 Germany Robert Huth 35
83%
2011/12 Germany Robert Huth 34
83%
2012/13 Germany Robert Huth 35
83%
2013/14 Germany Robert Huth 12
83%
2014/15 Germany Robert Huth 1
83%
2012/13 United States Geoff Cameron 35
75%
2013/14 United States Geoff Cameron 37
75%
2014/15 United States Geoff Cameron 27
75%
2015/16 United States Geoff Cameron 30
75%
2016/17 United States Geoff Cameron 19
75%
2017/18 United States Geoff Cameron 20
75%
2008/09 Ireland Glenn Whelan 25
75%
2009/10 Ireland Glenn Whelan 33
75%
2010/11 Ireland Glenn Whelan 29
75%
2011/12 Ireland Glenn Whelan 30
75%
2012/13 Ireland Glenn Whelan 32
75%
2013/14 Ireland Glenn Whelan 32
75%
2014/15 Ireland Glenn Whelan 28
75%
2015/16 Ireland Glenn Whelan 37
75%
2016/17 Ireland Glenn Whelan 30
75%
2014/15 Spain Bojan Krkic 16
67%
2015/16 Spain Bojan Krkic 27
67%
2016/17 Spain Bojan Krkic 9
67%
2017/18 Spain Bojan Krkic 1
67%
2013/14 Netherlands Erik Pieters 36
67%
2014/15 Netherlands Erik Pieters 31
67%
2015/16 Netherlands Erik Pieters 35
67%
2016/17 Netherlands Erik Pieters 36
67%
2017/18 Netherlands Erik Pieters 31
67%
2016/17 Wales Joe Allen 36
67%
2017/18 Wales Joe Allen 36
67%
2017/18 Denmark Lasse Sorensen 1
67%
2014/15 Senegal Mame Biram Diouf 34
67%
2015/16 Senegal Mame Biram Diouf 26
67%
2016/17 Senegal Mame Biram Diouf 27
67%
2017/18 Senegal Mame Biram Diouf 35
67%
2016/17 Egypt Ramadan Sobhi 17
67%
2017/18 Egypt Ramadan Sobhi 24
67%
2008/09 Jamaica Ricardo Fuller 33
67%
2009/10 Jamaica Ricardo Fuller 35
67%
2010/11 Jamaica Ricardo Fuller 28
67%
2011/12 Jamaica Ricardo Fuller 13
67%
2008/09 England Ryan Shawcross 28
67%
2009/10 England Ryan Shawcross 28
67%
2010/11 England Ryan Shawcross 36
67%
2011/12 England Ryan Shawcross 36
67%
2012/13 England Ryan Shawcross 37
67%
2013/14 England Ryan Shawcross 37
67%
2014/15 England Ryan Shawcross 32
67%
2015/16 England Ryan Shawcross 20
67%
2016/17 England Ryan Shawcross 35
67%
2017/18 England Ryan Shawcross 27
67%
2016/17 Burundi Saido Berahino 13
67%
2017/18 Burundi Saido Berahino 15
67%
2013/14 Ireland Stephen Ireland 25
67%
2014/15 Ireland Stephen Ireland 17
67%
2015/16 Ireland Stephen Ireland 13
67%
2017/18 Ireland Stephen Ireland 4
67%
2008/09 Denmark Thomas Sorensen 35
67%
2009/10 Denmark Thomas Sorensen 33
67%
2010/11 Denmark Thomas Sorensen 10
67%
2011/12 Denmark Thomas Sorensen 16
67%
2013/14 Denmark Thomas Sorensen 4
67%
2008/09 England Andy Wilkinson 22
58%
2009/10 England Andy Wilkinson 25
58%
2010/11 England Andy Wilkinson 22
58%
2011/12 England Andy Wilkinson 25
58%
2012/13 England Andy Wilkinson 24
58%
2013/14 England Andy Wilkinson 5
58%
2009/10 England Dean Whitehead 36
58%
2010/11 England Dean Whitehead 37
58%
2011/12 England Dean Whitehead 33
58%
2012/13 England Dean Whitehead 26
58%
2015/16 DR Congo Giannelli Imbula 14
58%
2016/17 DR Congo Giannelli Imbula 12
58%
2013/14 England Jack Butland 3
58%
2014/15 England Jack Butland 3
58%
2015/16 England Jack Butland 31
58%
2016/17 England Jack Butland 5
58%
2017/18 England Jack Butland 35
58%
2010/11 Ireland Jonathan Walters 36
58%
2011/12 Ireland Jonathan Walters 38
58%
2012/13 Ireland Jonathan Walters 38
58%
2013/14 Ireland Jonathan Walters 32
58%
2014/15 Ireland Jonathan Walters 32
58%
2015/16 Ireland Jonathan Walters 27
58%
2016/17 Ireland Jonathan Walters 23
58%
2009/10 Turkey Tuncay Sanli 30
58%
2010/11 Turkey Tuncay Sanli 14
58%
2011/12 Honduras Wilson Palacios 18
58%
2012/13 Honduras Wilson Palacios 4
58%
2013/14 Honduras Wilson Palacios 16
58%
2008/09 Senegal Abdoulaye Faye 35
50%
2009/10 Senegal Abdoulaye Faye 31
50%
2010/11 Senegal Abdoulaye Faye 14
50%
2008/09 Senegal Amdy Faye 21
50%
2012/13 Scotland Charlie Adam 27
50%
2013/14 Scotland Charlie Adam 31
50%
2014/15 Scotland Charlie Adam 29
50%
2015/16 Scotland Charlie Adam 22
50%
2016/17 Scotland Charlie Adam 24
50%
2017/18 Scotland Charlie Adam 11
50%
2009/10 Wales Danny Collins 25
50%
2010/11 Wales Danny Collins 25
50%
2008/09 Gibraltar Danny Higginbotham 27
50%
2009/10 Gibraltar Danny Higginbotham 24
50%
2010/11 Gibraltar Danny Higginbotham 10
50%
2011/12 Gibraltar Danny Higginbotham 2
50%
2017/18 Austria Kevin Wimmer 17
50%
2013/14 Spain Marc Muniesa 13
50%
2014/15 Spain Marc Muniesa 19
50%
2015/16 Spain Marc Muniesa 15
50%
2016/17 Spain Marc Muniesa 10
50%
2015/16 Netherlands Marco van Ginkel 17
50%
2010/11 Ireland Marc Wilson 28
50%
2011/12 Ireland Marc Wilson 35
50%
2012/13 Ireland Marc Wilson 19
50%
2013/14 Ireland Marc Wilson 33
50%
2014/15 Ireland Marc Wilson 27
50%
2015/16 Ireland Marc Wilson 4
50%
2013/14 Morocco Oussama Assaidi 19
50%
2014/15 Morocco Oussama Assaidi 9
50%
2008/09 Ireland Rory Delap 33
50%
2009/10 Ireland Rory Delap 36
50%
2010/11 Ireland Rory Delap 37
50%
2011/12 Ireland Rory Delap 26
50%
2012/13 Ireland Rory Delap 1
50%
2015/16 Ireland Shay Given 3
50%
2016/17 Ireland Shay Given 5
50%
2014/15 Nigeria Victor Moses 19
50%
2012/13 United States Brek Shea 2
42%
2013/14 United States Brek Shea 1
42%
2017/18 Scotland Darren Fletcher 27
42%
2015/16 England Glen Johnson 25
42%
2016/17 England Glen Johnson 23
42%
2017/18 England Glen Johnson 9
42%
2015/16 Netherlands Ibrahim Afellay 31
42%
2016/17 Netherlands Ibrahim Afellay 12
42%
2017/18 Netherlands Ibrahim Afellay 6
42%
2017/18 France Kurt Zouma 34
42%
2008/09 England Matthew Etherington 14
42%
2009/10 England Matthew Etherington 34
42%
2010/11 England Matthew Etherington 32
42%
2011/12 England Matthew Etherington 30
42%
2012/13 England Matthew Etherington 31
42%
2013/14 England Matthew Etherington 11
42%
2011/12 England Matt Upson 14
42%
2012/13 England Matt Upson 1
42%
2013/14 Nigeria Peter Odemwingie 15
42%
2014/15 Nigeria Peter Odemwingie 7
42%
2015/16 Nigeria Peter Odemwingie 5
42%
2014/15 Scotland Phil Bardsley 25
42%
2015/16 Scotland Phil Bardsley 11
42%
2016/17 Scotland Phil Bardsley 15
42%
2014/15 Germany Philipp Wollscheid 12
42%
2015/16 Germany Philipp Wollscheid 31
42%
2016/17 Germany Philipp Wollscheid 2
42%
2008/09 Senegal Salif Diao 20
42%
2009/10 Senegal Salif Diao 16
42%
2010/11 Senegal Salif Diao 8
42%
2011/12 Senegal Salif Diao 6
42%
2012/13 France Steven Nzonzi 35
42%
2013/14 France Steven Nzonzi 36
42%
2014/15 France Steven Nzonzi 38
42%
2017/18 Senegal Badou Ndiaye 13
33%
2016/17 Netherlands Bruno Martins Indi 35
33%
2017/18 Netherlands Bruno Martins Indi 17
33%
2011/12 England Cameron Jerome 23
33%
2012/13 England Cameron Jerome 26
33%
2013/14 England Cameron Jerome 1
33%
2008/09 England Carl Dickinson 5
33%
2010/11 Iceland Eidur Gudjohnsen 4
33%
2017/18 Cameroon Eric Choupo-Moting 30
33%
2008/09 Senegal Henri Camara 4
33%
2010/11 England Jermaine Pennant 29
33%
2011/12 England Jermaine Pennant 27
33%
2012/13 England Jermaine Pennant 1
33%
2013/14 England Jermaine Pennant 8
33%
2017/18 Spain Jese Rodriguez 13
33%
2010/11 Norway John Carew 10
33%
2015/16 Spain Joselu 22
33%
2016/17 England Lee Grant 28
33%
2017/18 England Lee Grant 3
33%
2008/09 Ireland Liam Lawrence 20
33%
2009/10 Ireland Liam Lawrence 25
33%
2008/09 Mali Mamady Sidibe 22
33%
2009/10 Mali Mamady Sidibe 24
33%
2010/11 Mali Mamady Sidibe 2
33%
2012/13 England Michael Owen 8
33%
2008/09 England Michael Tonge 10
33%
2010/11 England Michael Tonge 2
33%
2017/18 Austria Moritz Bauer 15
33%
2014/15 England Oliver Shenton 1
33%
2008/09 England Andrew Davies 1
25%
2008/09 England Andy Griffin 19
25%
2008/09 England Dave Kitson 16
25%
2009/10 England Dave Kitson 18
25%
2014/15 Slovakia Dionatan Teixeira 1
25%
2015/16 Slovakia Dionatan Teixeira 1
25%
2008/09 Senegal Ibrahima Sonko 14
25%
2015/16 Denmark Jakob Haugaard 5
25%
2008/09 England James Beattie 16
25%
2009/10 England James Beattie 22
25%
2016/17 Belgium Julien Ngoy 5
25%
2017/18 Belgium Julien Ngoy 1
25%
2008/09 Guyana Leon Cort 11
25%
2012/13 United States Maurice Edu 1
25%
2008/09 England Richard Cresswell 29
25%
2009/10 England Richard Cresswell 2
25%
2010/11 England Ryan Shotton 2
25%
2011/12 England Ryan Shotton 23
25%
2012/13 England Ryan Shotton 23
25%
2008/09 Nigeria Seyi Olofinjana 17
25%
2008/09 England Steven Simonsen 5
25%
2009/10 England Steven Simonsen 3
25%
2008/09 England Tom Soares 7
25%
2017/18 England Tyrese Campbell 4
25%
2008/09 France Vincent Pericard 3
25%
2016/17 Cote D'Ivoire Wilfried Bony 10
25%
2008/09 England Danny Pugh 16
17%
2009/10 England Danny Pugh 7
17%
2010/11 England Danny Pugh 10
17%
2011/12 England Danny Pugh 3
17%
2013/14 Sweden John Guidetti 6
17%
2011/12 England Jonathan Woodgate 17
17%
2017/18 Greece Konstantinos Stafylidis 5
17%
2009/10 England Louis Moult 1
17%
2012/13 England Michael Kightly 22
17%
2008/09 Ireland Stephen Kelly 6
17%
2017/18 England Thomas Edwards 6
17%
2017/18 England Josh Tymon 3
8%
2014/15 England Steve Sidwell 12
8%
2015/16 England Steve Sidwell 1
8%
No matching quizzes found
Score Distribution
Percent of People with Each Score
Percentile by Number Answered
Your Score History
You have not taken this quiz